• 首页
  • 本馆介绍
  • 公告通知
  • 最新文献
  • 馆藏检索
  • 电子资源
  • 读者导购
  • 参考咨询
  • 我的图书馆
  • 登录
  • 详细信息显示
  • 放入我的书架
  • 预约/预借图书
  • 作者相关作品
  • 分类相关作品
  • 丛书相关作品
  • 出版社相关作品

书目信息

  • 表格格式
  • 工作单格式
  • 卡片格式
题名:
ATM网络技术
    
 
作者: 奥思默·凯斯 著 ;辛再甫 , 于雪梅 , 陈达观 译
分册:  
出版信息: 北京   中国水利水电出版社  1998
页数: 305页
开本: 26cm
丛书名: 万水网络与数据库丛书
单 册:
中图分类: TN913.2
科图分类:
主题词: 通信线路--通讯工程 , 通信网
电子资源:
ISBN: 7-80124-660-8
000 00873nam0 2200265 450
001 0762812580
005 20070727170910.39
010    @a7-80124-660-8@dCNY35.00
100    @a20070725d1998 km y0chiy0120 ea
101 0  @achi
102    @aCN
200 1  @aATM网络技术@AATM wang luo ji shu@f(美)奥思默·凯斯(O.Kyas)著@F(mei)ao si mo·kai si(O.Kyas)zhu@g辛再甫,于雪梅,陈达观译@Gxin zai fu,yu xue mei,chen da guan yi
210    @a北京@c中国水利水电出版社@d1998
215    @a305页@d26cm
225    @a万水网络与数据库丛书
410  0 @12001 @a万水网络与数据库丛书
606 0  @a通信线路@x通讯工程
606 0  @a通信网
690    @aTN913.2@v3
701  0 @a奥思默·凯斯@Aao si mo·kai si@bO.Kyas@4著
702  0 @a辛再甫@Axin zai fu@4译
702  0 @a于雪梅@Ayu xue mei@4译
702  0 @a陈达观@Achen da guan@4译
801  0 @aCN@bPFT@c20070727
905    @a10447@dTN913.2@e65
    
    ATM网络技术/(美)奥思默·凯斯(O.Kyas)著/辛再甫,于雪梅,陈达观译.-北京:中国水利水电出版社,1998
    305页;26cm.-(万水网络与数据库丛书)
    
    
    ISBN 7-80124-660-8:CNY35.00
    
●
相关链接 在E读中查询图书 在五车中查询图书 在当当中查询图书 在豆瓣中查询图书


正题名:ATM网络技术     索取号:TN913.2/65         预约/预借

序号 登录号 条形码 馆藏地/架位号 状态 备注
1 0784482   207844822   第二样本阅览室/ [索取号:TN913.2/65] 在馆    
唐山师范学院图书馆 欢迎您!
大连网信软件有限公司© 版权所有